01699nam a22002537a 45000010005000000030006000050050017000110080041000280200018000690400029000870500013001160820008001291000016001372450064001532600032002173000050002494900034002995050008003335200988003415210029013295210020013586500033013787000034014115491FISKH20241212114531.0241212b cb ||||| |||| 00| 0 eng d a9781849944021 aFISKHbengcFISKHdFISKH aE98.B769 a500 aBrown, Matt aEverything you know about science is wrong /cby Matt Brown aLondon : bBatford ;c2017. a175 pages : bcolor illustrations ;c21 cm .  a Everything you know is wrong aZ  a"A highly entertaining, myth-busting read for anyone with even a passing interest in science. Hot on the heels of the fascinating compendium Everything You Know About London Is Wrong, this next book in the series, written by author Matt Brown in his trademark humourous style, debunks the scientific myths we all take for granted. Does nothing travel faster than the speed of light? Well, in certain circumstances, a winded tortoise can go faster. Are there actually seven colours in a rainbow? Think again. And our author merrily explains why our hair and nails don't keep growing after we die and why chemicals in our diet might not be the toxic threats we are led to believe. Covering everything from pseudoscience to phenomena of physics, scandals of space and scientific misquotes, Everything You Know About Science is Wrong shatters a range of illusions we have accepted unquestioningly since childhood and demystifies this most puzzling of subjects."--Publisher's description.8 a900 bLexile estimate 8 aZ bRaz-Plus  adebunking mythsvNon-fiction aMulvanny, Sara eillustrator